Alle Sprachen auf JetPunk - Statistiken

Allgemein
  • Dieses Quiz wurde 82 mal gespielt
  • Das Durchschnittsergebnis liegt bei 19 aus 27
Antwortstatistiken
Sprachen % Korrekt
Deutsch
100%
Englisch
99%
Spanisch
99%
Französisch
97%
Italienisch
91%
Russisch
90%
Polnisch
87%
Arabisch
86%
Chinesisch
84%
Japanisch
83%
Portugiesisch
83%
Schwedisch
83%
Niederländisch
79%
Dänisch
77%
Griechisch
77%
Finnisch
76%
Norwegisch
76%
Tschechisch
73%
Türkisch
73%
Serbisch
66%
Ungarisch
66%
Kroatisch
61%
Bulgarisch
53%
Estnisch
39%
Aserbaidschanisch
7%
Telugu
7%
Venetisch
4%
Keine übereinstimmenden Quizze gefunden
Verteilung der Resultate
Anzahl Personen mit jedem Resultat
Perzentil nach korrekt beantworteten Fragen
Ihre Resultats-Entwicklung
Sie haben dieses Quiz noch nicht gespielt